000 00797nam a2200193 i 4500
001 180532
003 ES-MaACL
005 20230906221125.0
008 120612s1974 sp |||| | spa d
080 _a552.4(043.2)
100 1 _aCarreras Planells, Jorge.
_9150482
245 1 0 _aPetrología y análisis estructural de las rocas metamórficas de la zona del cabo de Creus (prov. Gerona) /
_cpor Jorge Carreras Planells.
260 _aBarcelona :
_bUniversidad de Barcelona, Secretariado de Publicaciones, Intercambio Científico y Extensión Universitaria,
_c1974.
300 _a10 p. :
_blám., grab. ;
_c24 cm.
502 _aTesis-Universidad Barcelona (Extracto)
650 0 4 _aRocas metamórficas.
_916926
710 2 _aUniversidad de Barcelona.
_97141
852 _aES-MaACL
_jE-15362(115)
999 _c180532
_d180532